Recollecting a culture (Record no. 635)

MARC details
000 -LEADER
campo de control de longitud fija 00546nam a22001337a 4500
008 - DATOS DE LONGITUD FIJA--INFORMACIÓN GENERAL
campo de control de longitud fija 150529b xxu||||| |||| 00| 0 eng d
082 ## - NÚMERO DE LA CLASIFICACIÓN DECIMAL DEWEY
Número de clasificación 779.943
Número de ítem J 151r
100 ## - ENTRADA PRINCIPAL--NOMBRE DE PERSONA
Nombre de persona Jacob, John
9 (RLIN) 2846
245 ## - MENCIÓN DEL TÍTULO
Título Recollecting a culture
Resto del título Photography and the evolution of a socialist Aesthetic in East Germany
Mención de responsabilidad, etc. Jacob, John (curador)
260 ## - PUBLICACIÓN, DISTRIBUCIÓN, ETC.
Lugar de publicación, distribución, etc. Verona, Italy
Nombre del editor, distribuidor, etc. ScanColor Leipzig
Fecha de publicación, distribución, etc. 1998
300 ## - DESCRIPCIÓN FÍSICA
Extensión 103 p.
Otras características físicas ill.
Dimensiones 21x27 cm
650 ## - PUNTO DE ACCESO ADICIONAL DE MATERIA--TÉRMINO DE MATERIA
Subdivisión general Fotografia-Alemania este-Historia-S.20
-- Alemania este-Historia-Trabajo pictorico
-- Fotografia
9 (RLIN) 2847
700 ## - ENTRADA AGREGADA--NOMBRE PERSONAL
Nombre de persona John Jacob
9 (RLIN) 2848
Holdings
Estatus retirado Estado de pérdida Fuente del sistema de clasificación o colocación Estado de daño No para préstamo Biblioteca de origen Biblioteca actual Ubicación en estantería Fecha de adquisición Total de préstamos Signatura topográfica completa Código de barras Visto por última vez Precio de reemplazo Tipo de ítem Koha
    Clasificación Decimal Dewey     Biblioteca LadoV Biblioteca LadoV   29/05/2015   779.943 J 151r 004042 29/05/2015 29/05/2015 Material 01